Fides humanitas Ius: 9 maggio 2007
Saved in:
| Format: | Book |
|---|---|
| Language: | Italian |
| Published: |
Nápoles
Scientifica
2009
|
| Subjects: | |
| Tags: |
Add Tag
No Tags, Be the first to tag this record!
|
MARC
| LEADER | 00000nam a2200000 a 4500 | ||
|---|---|---|---|
| 001 | UCG1092 | ||
| 003 | CL-VaPUC | ||
| 005 | 20220315074421.0 | ||
| 008 | 100422e20090000it 1 ita d | ||
| 020 | |a 9788863421088 | ||
| 082 | 0 | 4 | |a 340.54 |b FID |2 21 |
| 245 | 1 | 0 | |a Fides humanitas Ius: 9 maggio 2007 |
| 260 | |a Nápoles |b Scientifica |c 2009 | ||
| 300 | |a 206 p | ||
| 583 | |a last modification |c 20190908 07:18:51 |k Rodrigo Vera | ||
| 650 | 0 | 0 | |a Derecho romano |9 255930 |
| 650 | 0 | 0 | |a Congresos |9 257560 |
| 942 | |c BK | ||
| 945 | |a rbrito |d 20100422 00:00:00 | ||
| 546 | |a En Italiano | ||
| 536 | |a Universitá di Napoli Federico II | ||
| 518 | |p Diritti umani e umanitá del diritto, 1, Napoles, 9 de maggio 2007 | ||
| 999 | |c 384514 |d 384512 | ||
| 952 | |0 0 |1 0 |4 0 |6 340_540000000000000_FID_2009 |7 0 |8 DER_ROM |9 507296 |a BIBDER |b BIBDER |d 2020-01-23 |i 4663330 |o 340.54 FID 2009 |p 4663330 |r 2023-01-25 |w 2020-01-23 |x Ubicación 4to piso |y BK |z Este recurso debe solicitarse con anticipación |k DER | ||